000
00313nam a22001337a 4500
008
180914b xxu||||| |||| 00| 0 eng d
020
_a
0835988546
041
_a
eng
080
_a
821
100
_a
21
101
_a
GJL
245
_a
Writing Fiction, Nonfiction and How to Publish
_c
Howland, B
942
_2
udc
_c
BK
999
_c
47794
_d
47794